[Event "23rd OIBM 2019"]
[Site "Gmund am Tegernsee"]
[Date "2019.10.30"]
[Round "5.17"]
[White "Hoffmann, Michael"]
[Black "Moeldner, Juergen"]
[Result "1-0"]
[WhiteElo "2445"]
[BlackElo "2234"]
[Annotator "TA"]
[PlyCount "73"]
[EventDate "2019.10.17"]
[EventType "swiss"]
[EventCountry "GER"]
[SourceTitle "playchess.com"]
[Source "ChessBase"]
[SourceQuality "1"]

{[%evp 19,73,49,68,75,78,68,105,43,192,166,234,224,271,264,272,276,270,256,237,185,191,188,174,152,211,218,204,193,170,164,196,179,198,206,248,216,196,172,194,193,429,239,334,201,236,242,329,286,404,398,441,455,667,547,646,630]} 1. c4 c5 2. Nf3 Nf6 3. Nc3 e6 4. e3 b6 5. d4 cxd4 6. exd4 Bb7 7. Bd3 Be7 8. O-O O-O 9. d5 exd5 10. cxd5 d6 11. Nd4 {E14: Queen's Indian: Classical Variation (4 e3)} a6 12. Bf4 $146 ({Predecessor:} 12. Nf5 Re8 13. Qf3 Bf8 14. Bg5 Nbd7 15. Qg3 Kh8 16. Rfe1 Rxe1+ 17. Rxe1 h6 18. Qh3 Kg8 19. Bxh6 gxh6 20. Re3 h5 21. Rg3+ Kh8 22. Rg5 Qe8 23. Rxh5+ Nxh5 24. Qxh5+ Kg8 25. Ne7+ {1-0 (25) Sambuev,B (2524)-Selzler,R (2200) Nassau 2012}) 12... g6 13. Qf3 (13. Be2 $16) 13... Ra7 ({Better is} 13... Nbd7 $14) 14. Rfe1 $18 Nh5 (14... Ba8 $142 15. Rad1 b5) 15. Bh6 Ng7 16. Nc6 Nxc6 17. dxc6 Bc8 18. Nd5 Be6 19. Rac1 {[#] aiming for c7.} Bxd5 20. Qxd5 Bf6 21. b3 Qc7 (21... Re8 $16 22. Rxe8+ Nxe8) 22. g3 Rd8 23. Qf3 Be5 24. Be4 Qb8 25. Bd5 Nf5 26. Bg5 Rf8 27. Re4 Kg7 28. Rce1 h6 29. Bf4 {[%cal Re4e5]} Re7 $2 (29... Qd8 {was worth a try.} 30. Bxe5+ dxe5) 30. Qd3 (30. g4 $142 Nh4 {[#]} 31. Bxh6+ $1 {[%mdl 576] Remove Defender} Kxh6 32. g5+ {[%mdl 64] Discovered Attack} Kg7 33. Rxh4) 30... b5 31. a4 Rfe8 32. Bd2 {And now g4 would win.} Bf6 33. Ba5 bxa4 (33... Qa7 $142 34. c7 (34. axb5 axb5 35. Bc3 Be5 $18) 34... bxa4 35. bxa4 Qc5) 34. bxa4 Qc8 35. c7 {White is clearly winning.} Be5 (35... Rf8 $142 36. Rxe7 Nxe7) 36. Kg2 h5 37. Rb1 {Accuracy: White = 57%, Black = 16%.} 1-0

[Event "23rd OIBM 2019"]
[Site "Gmund am Tegernsee"]
[Date "2019.10.30"]
[Round "5.18"]
[White "Ehrke, Michael"]
[Black "Womacka, Mathias"]
[Result "0-1"]
[WhiteElo "2222"]
[BlackElo "2436"]
[Annotator "TA"]
[PlyCount "92"]
[EventDate "2019.10.17"]
[EventType "swiss"]
[EventCountry "GER"]
[SourceTitle "playchess.com"]
[Source "ChessBase"]
[SourceQuality "1"]

{[%evp 15,106,-10,-3,-7,0,-23,-18,-14,0,-4,-10,-1,0,0,-5,-7,-7,-5,-10,-15,-9,-18,-24,-27,-24,-23,-24,-27,-26,-39,-27,-35,-34,-27,0,-29,0,-36,-33,-36,-25,-25,-26,-26,-26,-31,-18,-19,-19,-129,-125,-133,-126,-121,-68,-67,-75,-69,-64,-77,-55,-69,-86,-99,-101,-112,-132,-115,-114,-179,-196,-167,-146,-239,-231,-230,-177,-188,-106,-111,-107,-220,0,0,0,0,0,-10,-8,-19,0,-4614,-4610]} 1. d4 Nf6 2. Nf3 e6 3. Bf4 c5 4. e3 d5 5. c3 Bd6 6. Bg3 O-O 7. Nbd2 Qc7 8. Bd3 Nbd7 9. O-O {D02: 1 d4 d5 2 Nf3 sidelines, including 2...Nf6 3 g3 and 2...Nf6 3 Bf4} (9. Qe2 e5 10. dxe5 Nxe5 11. Nxe5 Bxe5 12. Bh4 Bg4 13. Nf3 Ne4 14. h3 Be6 15. Nxe5 Qxe5 16. f4 Qc7 {0-1 (33) Abasov,N (2632)-Dominguez Perez,L (2763) Khanty-Mansiysk 2019}) 9... b6 10. e4 Bxg3 11. hxg3 {The position is equal.} dxe4 12. Nxe4 Bb7 13. Qe2 Rad8 14. Rfe1 Bd5 $146 ({Predecessor:} 14... Qc6 15. Rad1 Nxe4 16. Bxe4 Qxe4 17. Qxe4 Bxe4 18. Rxe4 Nf6 19. Ree1 {½-½ (19) Molnar,G (1955)-Kovacs,A (2101) Hungary 2011}) 15. dxc5 (15. Ned2 {is more complex.} h6 16. Rad1 Rc8 17. a3 Rfd8 18. Ba6) 15... Nxe4 16. Bxe4 Bxe4 17. Qxe4 Nxc5 18. Qe5 (18. Qc2 {with more complications.} Rd7 19. Rad1 Rfd8 20. Rd4 Rxd4 21. cxd4 Na6 22. Qa4) 18... Qxe5 19. Nxe5 Na4 20. Rab1 Rd2 21. Nc4 Rd5 22. Rec1 Rfd8 23. Ne3 Rd2 24. Nc4 R2d5 25. Ne3 Rd2 26. Nc4 R2d3 27. Kf1 f6 28. Ne3 Kf7 $36 {[%mdl 2048] Black has good play.} 29. Ke1 h5 30. Rd1 Ke7 31. Rxd3 Rxd3 $11 {[%mdl 4096] Endgame KRN-KRN} 32. Ke2 {[#]} (32. c4 $11) 32... Rxc3 $1 $17 {[%mdl 512]} 33. b3 (33. bxc3 Nxc3+) 33... Nc5 34. Rh1 g6 (34... a5 $17 35. Rh4 a4 $1 {[%mdl 512]}) 35. g4 $15 hxg4 36. Rh7+ Kd6 37. Rxa7 {[#]} g3 $1 {[%mdl 512]} 38. fxg3 Ne4 39. g4 Ke5 40. Ra4 f5 $1 41. gxf5 gxf5 (41... exf5 $6 42. Rb4 $11) 42. Nc4+ (42. Rb4 $17) 42... Kf4 $1 $19 {White must now prevent ...b5.} 43. Rb4 Rc2+ 44. Ke1 (44. Kd1 $17 Rxa2 45. Rxb6) 44... Rxa2 45. Rxb6 e5 ({Weaker is} 45... Rxg2 46. Rxe6 Rc2 47. Rb6 $15) 46. Re6 Ra1+ {Played: Ne4-c5} 0-1

[Event "23rd OIBM 2019"]
[Site "Gmund am Tegernsee"]
[Date "2019.10.30"]
[Round "5.19"]
[White "Goldbeck, Lars"]
[Black "Smith, Bryan"]
[Result "1/2-1/2"]
[WhiteElo "2203"]
[BlackElo "2430"]
[Annotator "TA"]
[PlyCount "81"]
[EventDate "2019.10.17"]
[EventType "swiss"]
[EventCountry "GER"]
[SourceTitle "playchess.com"]
[Source "ChessBase"]
[SourceQuality "1"]

{[%evp 13,81,15,11,-10,35,14,29,26,31,18,26,21,32,10,23,0,0,0,0,-21,0,0,32,0,0,0,0,0,0,0,0,0,0,0,0,0,0,0,0,0,0,0,0,0,0,0,0,0,0,0,0,0,0,0,0,0,0,0,0,0,0,0,0,0,0,0,0,0,0,0]} 1. d4 Nf6 2. c4 e6 3. Nc3 Bb4 4. f3 c5 5. d5 O-O 6. e4 d6 7. Nge2 b5 8. Ng3 {E20: Nimzo-Indian: 4 g3 and 4 f3} ({Don't play} 8. cxb5 exd5 9. exd5 Nbd7 $15) (8. Nf4 bxc4 9. Bxc4 Bxc3+ 10. bxc3 e5 11. Ne2 Nfd7 12. Bd3 Qa5 13. Bd2 c4 14. Bxc4 Qc7 15. Bb3 Nc5 {1-0 (46) Wang,H (2725)-Wen,Y (2586) Changsha 2019}) 8... bxc4 9. Bxc4 exd5 10. Bxd5 {White has an edge.} Nxd5 11. Qxd5 Qb6 $146 ({Predecessor:} 11... Be6 12. Qxa8 Qb6 13. Nf5 Bxf5 14. Qd5 Be6 15. Qg5 Nc6 {1-0 (36) Rush,S (2025)-Scott,L (1873) Dublin 2018}) 12. Nh5 ({Much worse is} 12. Qxa8 Bb7 $17) 12... Nd7 13. O-O Ne5 14. Qxa8 Bxc3 $1 15. bxc3 Be6 16. Qxf8+ $1 Kxf8 17. Bf4 Qb2 18. Bxe5 dxe5 {The position is equal.} 19. Rab1 Qxc3 20. Rfd1 Qe3+ 21. Kh1 {Hoping for Rb8+.} Qg5 22. Rb8+ Ke7 23. Rb7+ Ke8 24. Rxa7 Qxh5 25. Rb1 $1 {[%cal Rb1b8] White wants to mate with Rb8+.} Bc8 {[#] White must now prevent ...Qh6.} 26. Rb8 $1 {[%cal Rb8c8][%mdl 512]} Kd8 {White should prevent ...Qh6!} 27. Raa8 {[#]} Qh4 $1 {[%cal Rh4e1]} 28. Rxc8+ $11 {[%mdl 4096] Endgame KQ-KRR} Kd7 {[%cal Rh4e1]} 29. g3 Qg5 30. Rxc5 Qe3 31. Ra7+ Kd6 32. Rd5+ Ke6 33. Ra6+ Ke7 {And now ...Qe1+ would win.} 34. Rxe5+ Kd7 35. Raa5 {Threatens to win with Rad5+.} Qf2 {[%cal Rf2f1]} 36. Rad5+ Kc6 {[%cal Rf2f1]} 37. Rc5+ Kb6 {[%cal Rf2f1]} 38. Rb5+ Ka6 {[%cal Rf2f1]} 39. Ra5+ Kb6 {[%cal Rf2f1]} 40. Rab5+ Ka6 {[%cal Rf2f1]} 41. Ra5+ {Accuracy: White = 59%, Black = 76%.} 1/2-1/2

[Event "23rd OIBM 2019"]
[Site "Gmund am Tegernsee"]
[Date "2019.10.30"]
[Round "5.20"]
[White "Morawietz, Dieter"]
[Black "Hedke, Fred"]
[Result "1-0"]
[WhiteElo "2419"]
[BlackElo "2225"]
[Annotator "TA"]
[PlyCount "41"]
[EventDate "2019.10.17"]
[EventType "swiss"]
[EventCountry "GER"]
[SourceTitle "playchess.com"]
[Source "ChessBase"]
[SourceQuality "1"]

{[%evp 12,54,8,9,13,18,90,100,83,90,85,94,74,66,70,65,94,85,153,140,206,210,202,191,199,180,193,159,176,173,324,314,323,314,323,319,308,294,1743,1616,1433,1392,29987,6321,2183]} 1. d4 Nf6 2. c4 e6 3. Nc3 d5 4. Bg5 Be7 5. e3 O-O 6. Nf3 b6 7. Qc2 h6 {D55: Queen's Gambit Declined: 4 Bg5 Be7: Lines without ...h6 and 6...h6 7 Bxf6} (7... Bb7 8. Bxf6 Bxf6 9. cxd5 exd5 10. Bd3 h6 11. O-O Nd7 12. Rfd1 Qe7 13. Bf5 Rfd8 14. Rab1 c5 15. dxc5 Nxc5 16. Nd4 g6 17. Bh3 Ne4 18. Rbc1 h5 19. g3 h4 {0-1 (32) Matviishen,V (2476)-Erigaisi,A (2531) Konya 2018}) 8. h4 Bb7 (8... Bb4 $11) 9. Bxf6 $1 $16 Bxf6 {White is better.} 10. cxd5 Bxd5 $146 ({Predecessor:} 10... exd5 11. g4 g6 12. g5 hxg5 13. hxg5 Bg7 14. O-O-O Nc6 15. Kb1 Bc8 16. Qa4 Bf5+ {1-0 (37) Fakhretdinov,R (2362)-Gataullin,A (2050) Sterlitamak 2010}) 11. Nxd5 Qxd5 12. Bd3 $36 {[%mdl 2048] White fights for an advantage.} ({Don't play} 12. Qxc7 $6 Nc6 $11) 12... Nd7 13. a3 {Black must now prevent Bh7+.} Qd6 14. g4 Be7 (14... g6 $142) 15. O-O-O $1 Rfd8 (15... c6 $16 16. g5 h5) 16. g5 $18 h5 17. g6 f6 18. Kb1 Nf8 19. Bc4 b5 {[#]} 20. Ba2 $1 ({Much less strong is} 20. Bxb5 Rab8 $14) 20... Kh8 $2 (20... b4 {might work better.}) 21. Rdg1 {Played: Nf3-g5} 1-0

[Event "23rd OIBM 2019"]
[Site "Gmund am Tegernsee"]
[Date "2019.10.30"]
[Round "5.21"]
[White "Tillmann, Markus"]
[Black "Meins, Gerlef"]
[Result "0-1"]
[WhiteElo "2136"]
[BlackElo "2415"]
[Annotator "TA"]
[PlyCount "102"]
[EventDate "2019.10.17"]
[EventType "swiss"]
[EventCountry "GER"]
[SourceTitle "playchess.com"]
[Source "ChessBase"]
[SourceQuality "1"]

{[%evp 17,102,4,8,2,18,6,12,11,10,15,14,14,12,15,13,0,12,-21,0,0,11,6,8,0,0,-19,-16,-18,-22,-20,0,-17,-15,-22,-26,-16,-16,-15,-16,-13,0,0,2,6,46,-8,-8,-8,-18,-37,-34,-20,-28,-183,-186,-217,-203,-215,-216,-366,-310,-381,-373,-371,-364,-423,-419,-425,-424,-472,-469,-516,-503,-499,-490,-556,-539,-837,-802,-1526,-1562,-1516,-1488,-1583,-1512,-702,-397]} 1. Nf3 Nf6 2. b3 c5 3. Bb2 e6 4. e3 Be7 5. Be2 O-O 6. O-O Nc6 7. d4 b6 8. c4 cxd4 9. Nxd4 Bb7 10. Bf3 {A30: Symmetrical English: Double Fianchetto and Hedgehog} Qb8 11. Nc3 Rd8 12. Nxc6 {The position is equal.} Bxc6 13. e4 a6 $146 ({Predecessor:} 13... Bd6 14. g3 a6 15. Qe2 Qb7 16. Rad1 Bc5 17. Nd5 Ne8 18. Bg2 {½-½ (37) Weiss,C (2417)-Tratar,M (2475) Austria 2010}) 14. Re1 Bd6 15. g3 Be5 16. Qc2 b5 17. c5 b4 18. Nd1 {[%cal Bc3d1,Bd1b2,Bb2d3,Bd3e5][%mdl 32]} a5 19. Bxe5 Qxe5 20. Nb2 Bb5 21. Be2 Bxe2 22. Rxe2 Rac8 23. Rc1 Rc6 24. Nd3 Qd4 25. Qc4 Qxc4 26. Rxc4 d5 27. Ne5 dxc4 28. Nxc6 $11 {[%mdl 4096] Endgame KRN-KRN} Rd1+ 29. Kg2 c3 {[#] Threatens to win with ...Nxe4!} 30. Nxa5 Nxe4 {aiming for ...Nd2.} 31. Rxe4 {KRN-KR} (31. c6 $14 Nd6 32. c7) 31... c2 32. Rxb4 {Intending Rb8+ and mate.} Kf8 (32... f6 $5 33. Rc4 $8 (33. Rb8+ $2 Kf7 $19) 33... c1=Q 34. Rxc1 Rxc1 $15) 33. Rc4 c1=Q 34. Rxc1 Rxc1 $15 {KR-KN} 35. c6 $2 {[#]} (35. b4 $1 $11 {and White stays safe.}) 35... Ke7 $19 {[%mdl 1024] Black has strong compensation.} 36. b4 Kd6 37. b5 {Threatening b6.} Kc7 38. Nb3 (38. a4 $142) 38... Rc4 39. Kf3 Rb4 40. Ke3 Rxb5 41. Kd3 Rb4 42. Kc3 Ra4 {Black is clearly winning.} 43. Nc1 Ra3+ 44. Kc4 g5 45. Kd4 Kxc6 46. h3 Kd6 47. Kc4 h5 48. Kb4 Rf3 49. a4 Rxf2 50. a5 Rb2+ 51. Nb3 Ke5 {Accuracy: White = 27%, Black = 68%.} 0-1

[Event "23rd OIBM 2019"]
[Site "Gmund am Tegernsee"]
[Date "2019.10.30"]
[Round "5.22"]
[White "Gschnitzer, Adrian"]
[Black "Richter, Nils"]
[Result "1-0"]
[WhiteElo "2412"]
[BlackElo "2213"]
[Annotator "NA"]
[PlyCount "67"]
[EventDate "2019.10.17"]
[EventType "swiss"]
[EventCountry "GER"]
[SourceTitle "playchess.com"]
[Source "ChessBase"]
[SourceQuality "1"]
[TimeControl "40/5400+30:1800+30"]

1. e4 {[%emt 0:00:00]} e5 {[%emt 0:00:00]} 2. Nc3 {[%emt 0:00:15]} Nc6 {[%emt 0:00:00]} 3. Bc4 {[%emt 0:04:15]} Bc5 {[%emt 0:02:14]} 4. Qg4 {[%emt 0:00:10]} g6 {[%emt 0:09:36]} 5. Qg3 {[%emt 0:01:57]} Nf6 {[%emt 0:03:51]} 6. d3 {[%emt 0:01:21]} d6 {[%emt 0:08:02]} 7. Bg5 {[%emt 0:05:18]} Nh5 {[%emt 0:05:39]} 8. Qh4 {[%emt 0:01:53]} f6 {[%emt 0:02:22]} 9. Bh6 {[%emt 0:14:47]} Bb4 {[%emt 0:09:09]} 10. Nge2 {[%emt 0:00:39]} Nd4 {[%emt 0:09:59]} 11. O-O-O {[%emt 0:00:36]} Nxe2+ {[%emt 0:00:51]} 12. Nxe2 {[%emt 0:00:11]} Qe7 {[%emt 0:01:15]} 13. g4 {[%emt 0:09:44]} Ng7 {[%emt 0:00:59]} 14. g5 {[%emt 0:00:32]} f5 {[%emt 0:02:11]} 15. Bxg7 {[%emt 0:00:40]} Qxg7 {[%emt 0:00:27]} 16. exf5 {[%emt 0:00:18]} Bxf5 {[%emt 0:01:26]} 17. Bb5+ {[%emt 0:00:38]} c6 {[%emt 0:00:02]} 18. Qxb4 {[%emt 0:00:18]} cxb5 {[%emt 0:00:09]} 19. Qxd6 {[%emt 0:00:29]} Qe7 {[%emt 0:01:57]} 20. Qxe7+ {[%emt 0:03:55]} Kxe7 {[%emt 0:02:24]} 21. Rhe1 {[%emt 0:00:30]} Kf7 {[%emt 0:23:31]} 22. Nc3 {[%emt 0:01:18]} b4 {[%emt 0:01:58]} 23. Nd5 {[%emt 0:00:45]} Rae8 {[%emt 0:03:47]} 24. h4 {[%emt 0:06:51]} h6 {[%emt 0:02:10]} 25. Rd2 {[%emt 0:05:39]} hxg5 {[%emt 0:02:58]} 26. hxg5 {[%emt 0:00:02]} a5 {[%emt 0:01:35]} 27. Rde2 {[%emt 0:01:26]} Rh2 {[%emt 0:00:59]} 28. f4 {[%emt 0:01:07]} Rxe2 {[%emt 0:01:37]} 29. Rxe2 {[%emt 0:00:02]} Rh8 {[%emt 0:02:03]} 30. fxe5 {[%emt 0:01:24]} Rh1+ {[%emt 0:01:05]} 31. Kd2 {[%emt 0:00:02]} Rb1 {[%emt 0:00:14]} 32. Nc7 {[%emt 0:04:02]} Bg4 {[%emt 0:00:50]} 33. e6+ {[%emt 0:00:36]} Ke7 {[%emt 0:00:01]} 34. Nd5+ {[%emt 0:00:14]} 1-0

[Event "23rd OIBM 2019"]
[Site "Gmund am Tegernsee"]
[Date "2019.10.30"]
[Round "5.23"]
[White "Padmini, Rout"]
[Black "Yi, Danny"]
[Result "1-0"]
[WhiteElo "2394"]
[BlackElo "2211"]
[Annotator "NA"]
[PlyCount "65"]
[EventDate "2019.10.17"]
[EventType "swiss"]
[EventCountry "GER"]
[SourceTitle "playchess.com"]
[Source "ChessBase"]
[SourceQuality "1"]
[TimeControl "40/5400+30:1800+30"]

1. Nf3 {[%emt 0:00:00]} Nf6 {[%emt 0:00:00]} 2. g3 {[%emt 0:00:00]} g6 {[%emt 0:00:19]} 3. Bg2 {[%emt 0:00:11]} Bg7 {[%emt 0:00:07]} 4. O-O {[%emt 0:00:24]} O-O {[%emt 0:00:17]} 5. d4 {[%emt 0:00:11]} d5 {[%emt 0:06:18]} 6. c3 {[%emt 0:01:21]} Nbd7 {[%emt 0:02:16]} 7. a4 {[%emt 0:01:47]} Re8 {[%emt 0:03:48]} 8. a5 {[%emt 0:10:37]} a6 {[%emt 0:06:33]} 9. c4 {[%emt 0:06:30]} c5 {[%emt 0:11:30]} 10. cxd5 {[%emt 0:03:50]} Nxd5 {[%emt 0:02:21]} 11. e4 {[%emt 0:01:24]} N5f6 {[%emt 0:12:48]} 12. e5 {[%emt 0:06:49]} Nd5 {[%emt 0:03:53]} 13. Nc3 {[%emt 0:10:25]} Nf8 {[%emt 0:08:49]} 14. Ng5 {[%emt 0:09:51]} Nxc3 {[%emt 0:02:19]} 15. bxc3 {[%emt 0:00:07]} h6 {[%emt 0:03:52]} 16. Ne4 {[%emt 0:02:05]} cxd4 {[%emt 0:00:54]} 17. cxd4 {[%emt 0:00:12]} Rb8 {[%emt 0:00:49]} 18. Be3 {[%emt 0:05:09]} b6 {[%emt 0:06:56]} 19. axb6 {[%emt 0:00:49]} Qxb6 {[%emt 0:00:38]} 20. Qd2 {[%emt 0:02:07]} Rd8 {[%emt 0:01:26]} 21. d5 {[%emt 0:01:39]} Qb2 {[%emt 0:03:17]} 22. f4 {[%emt 0:05:00]} Qxd2 {[%emt 0:03:38]} 23. Nxd2 {[%emt 0:03:41]} f6 {[%emt 0:04:09]} 24. e6 {[%emt 0:01:40]} f5 {[%emt 0:02:57]} 25. Rab1 {[%emt 0:00:49]} Bb7 {[%emt 0:03:53]} 26. Nc4 {[%emt 0:02:54]} Ba8 {[%emt 0:01:40]} 27. Rxb8 {[%emt 0:02:46]} Rxb8 {[%emt 0:00:02]} 28. Nb6 {[%emt 0:00:32]} Bb7 {[%emt 0:01:17]} 29. Rc1 {[%emt 0:02:09]} Bf6 {[%emt 0:00:58]} 30. Rc7 {[%emt 0:01:05]} a5 {[%emt 0:02:11]} 31. Nd7 {[%emt 0:02:14]} Nxd7 {[%emt 0:01:57]} 32. exd7 {[%emt 0:00:12]} a4 {[%emt 0:02:52]} 33. Rxb7 {[%emt 0:01:45]} 1-0

[Event "23rd OIBM 2019"]
[Site "Gmund am Tegernsee"]
[Date "2019.10.30"]
[Round "5.24"]
[White "Kaiser, Elmar"]
[Black "Hess, Max"]
[Result "0-1"]
[WhiteElo "2131"]
[BlackElo "2373"]
[Annotator "ChessBase"]
[PlyCount "78"]
[EventDate "2019.10.17"]
[EventType "swiss"]
[EventCountry "GER"]
[SourceTitle "playchess.com"]
[Source "ChessBase"]
[SourceQuality "1"]
[TimeControl "40/5400+30:1800+30"]

1. d4 {[%emt 0:01:06]} Nf6 {[%emt 0:00:00]} 2. Nf3 {[%emt 0:00:35]} g6 {[%emt 0:00:00]} 3. c4 {[%emt 0:00:06]} Bg7 {[%emt 0:00:00]} 4. Nc3 {[%emt 0:00:17]} O-O {[%emt 0:00:01]} 5. Bf4 {[%emt 0:00:26]} d6 {[%emt 0:01:29]} 6. e3 {[%emt 0:00:18]} Nc6 {[%emt 0:01:27]} 7. d5 {[%emt 0:07:53]} e5 {[%emt 0:01:57]} 8. Bg5 {[%emt 0:03:26]} Ne7 {[%emt 0:00:26]} 9. e4 {[%emt 0:06:04]} h6 {[%emt 0:01:22]} 10. Bd2 {[%emt 0:04:43]} c6 {[%emt 0:01:06]} 11. Qc1 {[%emt 0:02:11]} b5 {[%emt 0:10:09]} 12. dxc6 {[%emt 0:05:20]} b4 {[%emt 0:02:24]} 13. Nd5 {[%emt 0:01:38]} Nxe4 {[%emt 0:02:31]} 14. c7 {[%emt 0:04:58]} Qd7 {[%emt 0:02:51]} 15. Bxh6 {[%emt 0:07:06]} Nxd5 {[%emt 0:01:19]} 16. Bxg7 {[%emt 0:02:54]} Kxg7 {[%emt 0:00:04]} 17. cxd5 {[%emt 0:00:04]} Bb7 {[%emt 0:01:30]} 18. Bc4 {[%emt 0:08:27]} Qxc7 {[%emt 0:04:36]} 19. O-O {[%emt 0:01:09]} Rac8 {[%emt 0:01:38]} 20. b3 {[%emt 0:02:19]} Qb6 {[%emt 0:06:08]} 21. Qe3 {[%emt 0:02:56]} Qxe3 {[%emt 0:02:21]} 22. fxe3 {[%emt 0:00:04]} a5 {[%emt 0:04:23]} 23. a3 {[%emt 0:01:02]} Ra8 {[%emt 0:01:37]} 24. Rfd1 {[%emt 0:14:01]} Nc3 {[%emt 0:05:12]} 25. Rd2 {[%emt 0:01:17]} Rfc8 {[%emt 0:05:35]} 26. Ne1 {[%emt 0:00:39]} e4 {[%emt 0:10:30]} 27. Nc2 {[%emt 0:09:45]} bxa3 {[%emt 0:00:48]} 28. Nxa3 {[%emt 0:00:48]} Rc5 {[%emt 0:04:12]} 29. Nc2 {[%emt 0:05:51]} Rac8 {[%emt 0:12:34]} 30. Nd4 {[%emt 0:03:27]} Bxd5 {[%emt 0:00:05]} 31. Bxd5 {[%emt 0:02:31]} Nxd5 {[%emt 0:00:12]} 32. Kf2 {[%emt 0:00:06]} Kf6 {[%emt 0:00:20]} 33. Rda2 {[%emt 0:00:52]} Rc3 {[%emt 0:05:01]} 34. Rxa5 {[%emt 0:00:44]} Nxe3 {[%emt 0:00:07]} 35. h3 {[%emt 0:00:17]} d5 {[%emt 0:02:10]} 36. Re1 {[%emt 0:01:44]} Nc2 {[%emt 0:00:24]} 37. Rd1 {[%emt 0:00:10]} Nb4 {[%emt 0:03:09]} 38. Rb5 {[%emt 0:00:59]} Nd3+ {[%emt 0:01:13]} 39. Kg1 {[%emt 0:00:22]} Rc1 {[%emt 0:00:58]} 0-1

[Event "23rd OIBM 2019"]
[Site "Gmund am Tegernsee"]
[Date "2019.10.30"]
[Round "5.25"]
[White "Zude, Arno"]
[Black "Maruntis, Patrik-Robert"]
[Result "1-0"]
[WhiteElo "2372"]
[BlackElo "1707"]
[Annotator "ChessBase"]
[PlyCount "61"]
[EventDate "2019.10.17"]
[EventType "swiss"]
[EventCountry "GER"]
[SourceTitle "playchess.com"]
[Source "ChessBase"]
[SourceQuality "1"]
[TimeControl "40/5400+30:1800+30"]

1. e4 {[%emt 0:00:00]} c5 {[%emt 0:00:00]} 2. Nf3 {[%emt 0:00:00]} d6 {[%emt 0:00:00]} 3. d4 {[%emt 0:00:00]} cxd4 {[%emt 0:00:00]} 4. Nxd4 {[%emt 0:00:00]} Nf6 {[%emt 0:00:00]} 5. Nc3 {[%emt 0:00:05]} g6 {[%emt 0:00:00]} 6. Be2 {[%emt 0:02:28]} Bg7 {[%emt 0:00:14]} 7. O-O {[%emt 0:00:15]} O-O {[%emt 0:00:31]} 8. Bg5 {[%emt 0:01:16]} Nbd7 {[%emt 0:05:02]} 9. Re1 {[%emt 0:02:50]} a6 {[%emt 0:00:42]} 10. Bf1 {[%emt 0:01:34]} Qc7 {[%emt 0:03:50]} 11. Qd2 {[%emt 0:10:55]} Rd8 {[%emt 0:07:15]} 12. a4 {[%emt 0:08:38]} b6 {[%emt 0:07:11]} 13. Nd5 {[%emt 0:04:13]} Nxd5 {[%emt 0:02:24]} 14. exd5 {[%emt 0:00:03]} Nf6 {[%emt 0:01:46]} 15. c4 {[%emt 0:01:13]} Re8 {[%emt 0:04:59]} 16. h3 {[%emt 0:14:41]} Bb7 {[%emt 0:06:10]} 17. Re3 {[%emt 0:03:33]} Nd7 {[%emt 0:24:08]} 18. b3 {[%emt 0:07:51]} Nf8 {[%emt 0:27:13]} 19. Rae1 {[%emt 0:18:05]} f6 {[%emt 0:01:01]} 20. Bf4 {[%emt 0:00:28]} Bc8 {[%emt 0:03:12]} 21. g4 {[%emt 0:05:37]} g5 {[%emt 0:00:16]} 22. Bg3 {[%emt 0:02:04]} Ng6 {[%emt 0:00:16]} 23. Bd3 {[%emt 0:00:27]} Kf7 {[%emt 0:01:24]} 24. Bf5 {[%emt 0:01:42]} Bxf5 {[%emt 0:01:56]} 25. Nxf5 {[%emt 0:00:38]} Qd7 {[%emt 0:00:53]} 26. Re6 {[%emt 0:04:22]} Bf8 {[%emt 0:00:32]} 27. h4 {[%emt 0:00:57]} h6 {[%emt 0:00:15]} 28. Qe3 {[%emt 0:01:56]} Ne5 {[%emt 0:00:29]} 29. Bxe5 {[%emt 0:00:25]} dxe5 {[%emt 0:00:10]} 30. hxg5 {[%emt 0:00:32]} hxg5 {[%emt 0:00:17]} 31. Qh3 {[%emt 0:00:10]} 1-0